000 00610cab a2200217 4500
001 ABS43922
008 090401t1991 xxu||||| |||| 00| 0 eng d
035 _a(Sirsi) u44296
041 _aeng
100 _aSpring, M.
245 _aTriumphal arch
260 _c1991
350 _a0
490 _aBuilding
_v254(7681) 25 January 1991, 45-50(6)
520 _aA feature on Embankment Place , a major new office development built over Charing Cross Station .
650 _aAIR RIGHTS
650 _aBUILDING PROJECTS
690 _aBUILDING AND CONSTRUCTION-PROJECTS
942 _n0
948 _c04/03/1997
999 _c28224
_d28224